LEADER 01674nam 2200349 450 001 996575263903316 005 20231215123715.0 010 $a1-5044-7454-6 035 $a(CKB)5590000000438929 035 $a(NjHacI)995590000000438929 035 $a(EXLCZ)995590000000438929 100 $a20231215d2021 uy 0 101 0 $aeng 135 $aur||||||||||| 181 $ctxt$2rdacontent 182 $cc$2rdamedia 183 $acr$2rdacarrier 200 10$aC62.31-2020 - IEEE standard for test methods and preferred values for low-voltage gas discharge tube surge-protective components - redline /$fIEEE 210 1$a[Place of publication not identified] :$cIEEE,$d2021. 215 $a1 online resource 330 $aThis standard applies to low-voltage gas discharge tube (GDT ) surge-protective components for application on systems with voltages less than or equal to 1000 V rms or 1500 V dc. These protective components are designed to limit voltage surges on balanced or unbalanced communication circuits and on power circuits operating from dc to 420 Hz. This standard contains a series of standard test criteria for determining the electrical characteristics and ratings of gas discharge tube surge-protective components. 606 $aElectric current rectifiers 606 $aImpact 615 0$aElectric current rectifiers. 615 0$aImpact. 676 $a621.3137 801 0$bNjHacI 801 1$bNjHacl 906 $aDOCUMENT 912 $a996575263903316 996 $aC62.31-2020 - IEEE Standard for Test Methods and Preferred Values for Low-Voltage Gas Discharge Tube Surge-Protective Components - Redline$92581491 997 $aUNISA LEADER 01346nam 2200349z- 450 001 9910689317803321 005 20161209074952.0 035 $a(CKB)5860000000030026 035 $a(BIP)014931938 035 $a(EXLCZ)995860000000030026 100 $a20220406c2000uuuu -u- - 101 0 $aeng 200 14$aThe Olympics site selection process $ehearings before the Subcommittee on Oversight and Investigations of the Committee on Commerce, House of Representatives, One Hundred Sixth Congress, first session, October 14, 1999--the need for reform; December 15, 1999--review of the reform effort 210 $cWashington: U.S. G.P.O. 215 $a1 online resource (iii, 570 p.) $cill 311 $a0-16-060060-X 517 $aOlympics site selection process 606 $aOlympic host city selection$y1996 606 $aHosting of sporting events$zGeorgia$zAtlanta 606 $aOlympics$xManagement$xCorrupt practices 610 $aOlympics 610 $aExecutive departments 610 $aSports 610 $aSports & recreation 610 $aPolitical science 615 0$aOlympic host city selection 615 0$aHosting of sporting events 615 0$aOlympics$xManagement$xCorrupt practices. 906 $aBOOK 912 $a9910689317803321 996 $aThe Olympics site selection process$93144043 997 $aUNINA